000
00315nam a2200121Ia 4500
008
220204s9999 xx 000 0 und d
082
_a
339.1
_b
ECK
100
_a
ECKERSLEY, C E
245
0
_a
English commercial practice and correspondence
260
_a
London
_b
Longman
_c
1974
700
_a
KAUFMANN, W
942
_c
BK
999
_c
28069
_d
28069